| 000 | 00794nam a2200229 a 4500 | ||
|---|---|---|---|
| 001 | 14642 | ||
| 003 | CO-ViMGA | ||
| 008 | 141112s2004 ck r 000 u spa d | ||
| 020 | _a9589538363 | ||
| 040 |
_aCO-ViMGA _bspa _cCO-ViMGA |
||
| 082 | _aFr973.319 C177b | ||
| 100 | 1 |
_aCarrillo Torres, Jose Abel _94151 |
|
| 245 | 1 | 0 | _aBailemos joropo |
| 260 | _aVillavicencio. Entreletras.2000 | ||
| 300 | _a50.p.il. | ||
| 500 | _aEn : Bailemos joropo; | ||
| 505 | _aJoropo. - danza. - Metodo baile del joropo. - Base. - Pasos de desplazamiento. - Pasos de acoplamiento. - Paso eje. - Zapateo basico. - Escobillao. - Figuras. - Trajes típicos. - Folclor. - Biografia. | ||
| 650 | 1 | 4 |
_aDANZAS - COLOMBIA _94152 |
| 650 | 1 | 4 | _aFOLCLOR LLANERO |
| 650 | 1 | 4 |
_aJOROPO - ENSEÑANZA _94154 |
| 942 |
_2ddc _cBK |
||
| 999 |
_c11497 _d11497 |
||